000 00809nam0a22002411 4500
001 rc\2879819
005 20250529213251.0
035 _a(NLR Aleph) 007032722
090 _a6019274
_c6019274
100 _a20110719d1929 |||y0rusy50 ca
101 0 _arus
102 _aRU
105 _aa z |||||
200 1 _aХевсурия
_eОчерки с приложением 41 фото-снимка, 4 таблиц и 1 карты
_fА.Я. Камараули
210 _aТифлис
_cизд-во "Культ. О-ва Горцев Грузии"
_d1929
_gотд. тип. ККА
215 _a185 с.
_cрис.
_d24×16 см
300 _aНа обл. рис.
700 1 _aКамараули
_bА.Я.
801 0 _aRU
_bNLR
_gpsbo
801 1 _aRU
_bELAR
_2rusmarc
852 _aNLR
_j79/406
942 _cBOOK
980 _aNB